[Event "Cto Equipos Aragon 2013 Preferente II"]
[Site "Aragon"]
[Date "2013.02.09"]
[Round "3.53"]
[White "Landa Garriga, Francisco Javier"]
[Black "Sebastian Bespin, Ruben"]
[Result "1/2-1/2"]
[WhiteElo "1900"]
[BlackElo "2158"]
[PlyCount "122"]
[EventDate "2013.??.??"]
[EventType "tourn"]
[EventRounds "9"]
[EventCountry "ESP"]
[WhiteTeam "ONCE C.A. Aragon B"]
[BlackTeam "Marcos Frechin"]

1. e4 e6 2. d4 d5 3. e5 c5 4. c3 Nc6 5. Nf3 cxd4 6. cxd4 Qb6 7. Be2 Bd7 8. O-O
Nge7 9. b3 Nf5 10. Bb2 Be7 11. Qd3 Rc8 12. Rc1 O-O 13. Na3 Nb4 14. Qd1 Rxc1 15.
Bxc1 Rc8 16. Bb2 a5 17. Bd3 Nxd3 18. Qxd3 a4 19. h3 Qa5 20. g4 Nh4 21. Nxh4
Bxh4 22. Rc1 Rxc1+ 23. Bxc1 Qe1+ 24. Qf1 Qc3 25. Be3 axb3 26. axb3 Qxb3 27. Qa1
h6 28. Qc1 Ba4 29. Kg2 Qd3 30. Nb1 Qe4+ 31. Kg1 Qc2 32. Qe1 Qd1 33. Qxd1 Bxd1
34. Nc3 Bf3 35. Bc1 Kf8 36. Nb5 Be7 37. Nd6 b6 38. Ba3 Be2 39. f4 g6 40. Kf2
Ba6 41. Kg3 Kg8 42. h4 Bd8 43. g5 hxg5 44. hxg5 Bd3 45. Kf2 b5 46. Bb4 Bb6 47.
Ke3 Bf1 48. Nc8 Bc7 49. Kd2 Kg7 50. Kc3 Bd8 51. Bc5 Ba5+ 52. Bb4 Bc7 53. Bc5
Kg8 54. Kb4 Bc4 55. Nd6 Bd8 56. Nxb5 Bxb5 57. Kxb5 Kg7 58. Bb6 Be7 59. Bc5 Bd8
60. Bb6 Be7 61. Bc5 Bd8 1/2-1/2

[Event "Cto Equipos Aragon 2013 Preferente II"]
[Site "Aragon"]
[Date "2013.02.09"]
[Round "3.54"]
[White "Sancho Cortes, Miguel Angel"]
[Black "Gimeno Diaz, Fernando"]
[Result "0-1"]
[WhiteElo "2083"]
[BlackElo "1891"]
[PlyCount "84"]
[EventDate "2013.??.??"]
[EventType "tourn"]
[EventRounds "9"]
[EventCountry "ESP"]
[WhiteTeam "Marcos Frechin"]
[BlackTeam "ONCE C.A. Aragon B"]

1. e4 c6 2. d4 d5 3. Nd2 dxe4 4. Nxe4 Bf5 5. Ng3 Bg6 6. Bc4 e6 7. Nf3 Bd6 {
Aunque existe parece mejor Cd7} (7... Nd7 8. O-O Ngf6 9. Qe2 Be7 10. Re1 O-O
11. Bb3 Qc7 12. Ne5 Nxe5 13. dxe5 Nd7 14. Bf4 Nc5 15. Qg4 a5 16. h4 a4 17. Bc4
Kh8 18. Rac1 Rad8 19. h5 Rd4 20. Bf1 f5 21. Qf3 Bf7) 8. O-O Qc7 $6 {Mi rival
pensaba que este planteamiento no era bueno y que mejor era sacar los caballos,
creo que tiene razón.} (8... Nf6 9. Re1 Nbd7) 9. Qe2 Nd7 10. d5 {Mi rival
pensó bastante rato esta jugada, yo creía que estaba pensando el sacrifico
Axe6 pero pensé que ese sacrificio era insuficiente ya que yo podía
reagruparme y resitir.} cxd5 11. Bxd5 Qxc2 12. Qxc2 Bxc2 13. Bxb7 Rb8 14. Bc6
Ngf6 15. Nd4 Bg6 {Mi rival acabó muy disgustado la partida porque pensaba que
estaba mucho mejor por no haberme enrocado y por tener la columna d. Yo creo
que sobrevaloró su posición ya que, aunque estoy en el centro, no hay damas y
si aguanto puedo tener un final igualado.} 16. Nb5 Bc5 17. Bf4 Rb6 $1 {Una
jugada que mi rival no vio en la partida, pensaba que seguro ganaba algo, pero
esto creo que le sorprendió y empezó a gastar mucho tiempo. Mi posición no
parece peor.} 18. Nxa7 Rxb2 19. Be5 Rc2 $2 (19... Rxf2 20. Rxf2 Bxf2+ (20...
Bxa7 21. Bxf6 Bxf2+ 22. Kxf2 gxf6 23. Rd1) 21. Kxf2 Ng4+ 22. Ke2 Ngxe5 23. Rd1
f5 24. Rd4 Nxc6 25. Nxc6 e5 26. Rd6 f4 27. Nf1 Bh5+ 28. Kf2 Bf7 29. a4) 20.
Bxf6 gxf6 21. Rad1 Bxa7 22. Bxd7+ Ke7 23. Bb5 Rc7 {Me dio miedo tomar el peón,
me parecía más prudente reagrupar mis piezas y tratar de cambiar las torres.} (
23... Rxa2 24. Rd7+ Kf8 25. Bc4 Ra4 26. Rc1 Bb8 27. Bxe6 Bxg3 28. hxg3 fxe6 29.
Rd8+ Be8 30. Rxe8+ Kxe8 31. Rc8+ Kf7 32. Rxh8 Kg7) 24. a4 Bb6 25. Rd2 Rd8 26.
Rxd8 Kxd8 27. Rd1+ Ke7 28. Nf1 Bc2 {En estos momentos pensé, ?En qué casilla
me gustaría tener el alfil de casillas blancas? a lo que me respondí. pues en
d5, así que empecé la ruta.} 29. Rd2 Bb3 30. Rb2 Bd5 $6 (30... Rc3 31. h4 Bd5)
31. h3 Rc3 {Vemos que no me puede jugar Cg3 por Txg3 pues está clavado el peón
de f2.} (31... Rc5 32. Re2 f5 33. Kh2 f4 {Quería limitar los movimientos del
caballo y, si me dejaba, jugar f3 para intentar deteriorar su estructura y
quitarme el doblado.} 34. Nd2 Rc2 35. g3 fxg3+ 36. Kxg3 Bc7+ 37. Kg4 Rc1 38. f3
Rg1+ 39. Kh4 Kf8 40. Ne4 Bd8+ 41. Kh5 f5 42. Nf2 Bxf3+ {Blancas abandonan}) 32.
Re2 f5 33. Kh2 f4 {Quiero limitar al caballo y además, si me deja, jugar un f3
debilitando su estructura y quitándome el doblado.} 34. Nd2 Rc2 35. g3 fxg3+
36. Kxg3 Bc7+ {Como diría Diego empezando a clavar la estaca de Drácula.} 37.
Kg4 Rc1 38. f3 Rg1+ 39. Kh4 Kf8 40. Ne4 Bd8+ 41. Kh5 f5 42. Nf2 Bxf3+ {En esta
posición mi rival abandonó. A mi me quedaban 20 minutos y a mi rival le
quedaba 1 minuto, las últimas jugadas los movió con 1 minuto en el reloj. Esta
ha sido la primera vez que juego la Karo-Kann así que mi rival se tuvo que ver
sorprendido.} 0-1

[Event "Cto Equipos Aragon 2013 Preferente II"]
[Site "Aragon"]
[Date "2013.02.09"]
[Round "3.55"]
[White "Carilla Garcia, Angel"]
[Black "Torres Fernandez, Mario"]
[Result "0-1"]
[WhiteElo "1874"]
[BlackElo "1941"]
[PlyCount "80"]
[EventDate "2013.??.??"]
[EventType "tourn"]
[EventRounds "9"]
[EventCountry "ESP"]
[WhiteTeam "ONCE C.A. Aragon B"]
[BlackTeam "Tauste"]

1. c4 f5 2. g3 Nf6 3. Bg2 g6 4. Nc3 Bg7 5. d3 O-O 6. Nf3 d6 7. O-O e5 8. Ne1 c6
9. Qb3 Na6 10. h3 Nc5 11. Qc2 Ne6 12. e4 f4 13. g4 Nxg4 14. hxg4 Nd4 15. Qd1 f3
16. g5 Bg4 17. Be3 fxg2 18. Qxg4 gxf1=Q+ 19. Kxf1 a6 20. Ne2 Qc8 21. Qg3 Ne6
22. Nc2 b5 23. b3 bxc4 24. dxc4 a5 25. Kg2 Nf4+ 26. Kf1 a4 27. b4 Qa6 28. Na3
d5 29. exd5 cxd5 30. b5 Qb7 31. c5 d4 32. c6 Nxe2 33. Kxe2 Qe7 34. Bd2 e4 35.
Rb1 d3+ 36. Kf1 Qxa3 37. b6 Qxa2 38. Rd1 Qc2 39. Ke1 Qxc6 40. Qe3 Ra6 {Blancas
abandonan} 0-1

[Event "Cto Equipos Aragon 2013 Preferente II"]
[Site "Aragon"]
[Date "2013.02.09"]
[Round "3.56"]
[White "Ciriano Lamban, Alejandro"]
[Black "Navarro Sancho, Rafael"]
[Result "0-1"]
[WhiteElo "1793"]
[BlackElo "1811"]
[PlyCount "56"]
[EventDate "2013.??.??"]
[EventType "tourn"]
[EventRounds "9"]
[EventCountry "ESP"]
[WhiteTeam "Marcos Frechin"]
[BlackTeam "ONCE C.A. Aragon B"]

{1MB, DFritz12.ctg. JAVIER} 1. d4 {[%emt 0:00:00]} Nf6 2. c4 c5 3. d5 b5 4.
cxb5 a6 5. bxa6 g6 6. Nf3 Bg7 7. Nc3 Bxa6 8. g3 d6 9. Bg2 Nbd7 10. O-O O-O 11.
Re1 Qa5 12. e4 Ng4 13. Bg5 Rfe8 14. Qc2 Rab8 15. Rac1 Nge5 16. Nxe5 Nxe5 17.
Red1 c4 18. Qd2 Nd3 19. Rc2 Rxb2 20. Ne2 Qxa2 21. Rxb2 Qxb2 22. Qxb2 Bxb2 23.
Nc1 Nxc1 24. Bxc1 c3 25. Bxb2 cxb2 26. e5 Rc8 27. exd6 exd6 28. Be4 Rc1 {
Blancas abandonan} 0-1

[Event "Cto Equipos Aragon 2013 Preferente II"]
[Site "Aragon"]
[Date "2013.02.09"]
[Round "3.57"]
[White "Castillo Sanjuan, Daniel"]
[Black "Garcia Fernandez, Javier"]
[Result "0-1"]
[WhiteElo "2017"]
[BlackElo "2168"]
[PlyCount "54"]
[EventDate "2013.??.??"]
[EventType "tourn"]
[EventRounds "9"]
[EventCountry "ESP"]
[WhiteTeam "Ibercaja C"]
[BlackTeam "Teruel"]

1. e4 c5 2. Nf3 g6 3. d4 cxd4 4. Qxd4 Nf6 5. Bc4 Nc6 6. Qe3 Bg7 7. O-O O-O 8.
Nc3 d6 9. h3 a6 10. a4 Nb4 11. Bb3 Qc7 12. Qe2 Nd7 13. Bd2 Nc5 14. Qc4 Nc6 15.
Nd5 Qd8 16. Ba2 Bxb2 17. Rab1 b5 18. Qe2 Bg7 19. axb5 axb5 20. Bb3 e6 21. Nb4
Na5 22. Rfd1 Bb7 23. Bg5 Qc7 24. Nd2 Bc3 25. Ba2 Bxd2 26. Bxd2 Nxe4 27. Bh6 Nc3
0-1

[Event "Cto Equipos Aragon 2013 Preferente II"]
[Site "Aragon"]
[Date "2013.02.09"]
[Round "3.58"]
[White "Dominguez Bujeda, Jesus"]
[Black "Sanchez Castro, Roberto"]
[Result "1-0"]
[WhiteElo "2146"]
[BlackElo "2014"]
[PlyCount "120"]
[EventDate "2013.??.??"]
[EventType "tourn"]
[EventRounds "9"]
[EventCountry "ESP"]
[WhiteTeam "Teruel"]
[BlackTeam "Ibercaja C"]

1. d4 Nf6 2. c4 d6 3. Nc3 Nbd7 4. e4 e5 5. d5 c6 6. Nf3 cxd5 7. cxd5 Be7 8. Be2
O-O 9. O-O Re8 10. Be3 Nf8 11. Nd2 Ng6 12. g3 Bh3 13. Re1 Bf8 14. Rc1 a6 15. a4
Rb8 16. b4 Bc8 17. Nc4 b6 18. Bd3 Nd7 19. Qe2 a5 20. Nb5 Nf6 21. bxa5 bxa5 22.
Bd2 Ra8 23. Bc3 Bg4 24. Qd2 Nd7 25. Bxa5 Qf6 26. Nc7 Nc5 27. Nxe8 Rxe8 28. Bc2
h6 29. Ne3 Bh3 30. Nf5 Ra8 31. Bb4 Na6 32. Ba3 Kh7 33. Qe3 Nh8 34. Bd3 g6 35.
Nh4 Be7 36. Qb6 Nc5 37. Bxc5 dxc5 38. Qxf6 Bxf6 39. Bb5 Be7 40. Nf3 f6 41. Nd2
Nf7 42. Nb3 Rc8 43. Bc6 Rb8 44. Nxc5 Ng5 45. Nb7 Bb4 46. Re3 Bd2 47. Rc4 Bxe3
48. fxe3 Nf3+ 49. Kf2 Nd2 50. Rb4 f5 51. exf5 Bxf5 52. d6 Bd3 53. d7 Rf8+ 54.
Ke1 Nb1 55. Rxb1 Bxb1 56. d8=Q Rxd8 57. Nxd8 Kg7 58. a5 Bd3 59. Ne6+ Kf6 60.
Nc5 Bc4 1-0

[Event "Cto Equipos Aragon 2013 Preferente II"]
[Site "Aragon"]
[Date "2013.02.09"]
[Round "3.59"]
[White "Carrasquer Munoz, Alberto"]
[Black "Marin Tolosa, Guillermo"]
[Result "0-1"]
[WhiteElo "1844"]
[BlackElo "1947"]
[PlyCount "78"]
[EventDate "2013.??.??"]
[EventType "tourn"]
[EventRounds "9"]
[EventCountry "ESP"]
[WhiteTeam "Ibercaja C"]
[BlackTeam "Teruel"]

1. e4 c6 2. d4 d5 3. e5 Bf5 4. Nc3 e6 5. g4 Bg6 6. Nge2 f6 7. Ng3 fxe5 8. dxe5
d4 9. Nce2 Qa5+ 10. Bd2 Qxe5 11. Bf4 Qa5+ 12. Bd2 Qc5 13. Rc1 Bd6 14. Nf4 Bxf4
15. Bxf4 Nd7 16. h4 Ngf6 17. h5 Be4 18. Rh4 Bd5 19. Bd3 O-O-O 20. g5 Ne8 21.
Be4 e5 22. Bd2 Nd6 23. b4 Qb6 24. Bxd5 cxd5 25. Qe2 Rhf8 26. f4 exf4 27. Nf1
Rde8 28. Be3 fxe3 29. c3 Qb5 30. Rxd4 Qxe2+ 31. Kxe2 Rf2+ 32. Ke1 Rf5 33. c4
Nxc4 34. Rg4 Nde5 35. Ng3 Nd3+ 36. Kd1 Rf2 37. Rc2 Ndb2+ 38. Kc1 e2 39. Nxe2
Rf1# 0-1

[Event "Cto Equipos Aragon 2013 Preferente II"]
[Site "Aragon"]
[Date "2013.02.09"]
[Round "3.60"]
[White "Abancens Fernandez, Bernardo"]
[Black "Pellicer Sancho, Rafael Jose"]
[Result "1-0"]
[WhiteElo "1580"]
[BlackElo "1733"]
[PlyCount "83"]
[EventDate "2013.??.??"]
[EventType "tourn"]
[EventRounds "9"]
[EventCountry "ESP"]
[WhiteTeam "Teruel"]
[BlackTeam "Ibercaja C"]

1. d4 Nf6 2. c4 d5 3. cxd5 Qxd5 4. Nc3 Qa5 5. Qc2 e5 6. dxe5 Qxe5 7. Nf3 Qa5 8.
e4 Bd6 9. Bd2 Qh5 10. Nb5 O-O 11. Nxd6 cxd6 12. Be2 Qg6 13. O-O Qxe4 14. Bd3
Qc6 15. Bc3 Nbd7 16. Rfe1 h6 17. Rad1 Re8 18. Rxe8+ Nxe8 19. Nd4 Qc5 20. Qe2
Ndf6 21. Nb3 Bg4 22. Nxc5 Bxe2 23. Bxe2 dxc5 24. Bf3 Rb8 25. Be5 Nd6 26. Bxd6
Rd8 27. Bxc5 Rxd1+ 28. Bxd1 b6 29. Be3 Nd5 30. Bd2 Kf8 31. Bb3 Nf6 32. f3 h5
33. Kf2 g6 34. Bb4+ Kg8 35. Bc4 Nd7 36. Ke3 a5 37. Bd6 g5 38. Ke4 Kg7 39. Kf5
f6 40. Be6 Nc5 41. Bxc5 bxc5 42. Bc4 1-0

[Event "Cto Equipos Aragon 2013 Preferente II"]
[Site "Aragon"]
[Date "2013.02.09"]
[Round "3.61"]
[White "Planas Torrea, Francisco Javier"]
[Black "Cantin Zaborras, Valentin"]
[Result "1/2-1/2"]
[WhiteElo "1996"]
[BlackElo "2123"]
[PlyCount "77"]
[EventDate "2013.??.??"]
[EventType "tourn"]
[EventRounds "9"]
[EventCountry "ESP"]
[WhiteTeam "Ejea"]
[BlackTeam "Ramiro B"]

1. e4 e5 2. Nf3 Nc6 3. Bc4 Nf6 4. d3 h6 5. c3 d6 6. h3 g6 7. Be3 Bg7 8. Qc1 Qe7
9. O-O Bd7 10. a4 g5 11. b4 Nh5 12. Na3 Nf4 13. Bxf4 exf4 14. Nb5 Rc8 15. Nbd4
h5 16. Nf5 Qf6 17. Nxg7+ Qxg7 18. h4 gxh4 19. Qxf4 h3 20. g3 Rh6 21. Kh2 Rf6
22. Qg5 Kf8 23. Qxg7+ Kxg7 24. Ng5 Ne5 25. Nxh3 Nf3+ 26. Kg2 Bxh3+ 27. Kxh3 Nd2
28. f4 Nxf1 29. Rxf1 Rh6 30. a5 c5 31. b5 Kf6 32. Bd5 Rc7 33. Rb1 b6 34. axb6
axb6 35. Ra1 Rh8 36. Ra6 Rb8 37. Kh4 Kg6 38. c4 f6 39. Bc6 1/2-1/2

[Event "Cto Equipos Aragon 2013 Preferente II"]
[Site "Aragon"]
[Date "2013.02.09"]
[Round "3.62"]
[White "Valiente Roy, Jose Javier"]
[Black "Planas Torrea, Alberto"]
[Result "0-1"]
[WhiteElo "2031"]
[BlackElo "1940"]
[PlyCount "57"]
[EventDate "2013.??.??"]
[EventType "tourn"]
[EventRounds "9"]
[EventCountry "ESP"]
[WhiteTeam "Ramiro B"]
[BlackTeam "Ejea"]

1. Nf3 c6 2. e4 d5 3. Nc3 d4 4. Ne2 c5 5. Ng3 Nc6 6. Bb5 Bd7 7. O-O Qc7 8. d3
O-O-O 9. c3 e5 10. Bxc6 Bxc6 11. cxd4 cxd4 12. Bd2 h5 13. b4 h4 14. Ne2 f6 15.
Qb3 Qd7 16. a4 h3 17. Rfc1 Kb8 18. Ng3 Qg4 19. Rxc6 bxc6 20. b5 c5 21. a5 hxg2
22. Kxg2 Qh3+ 23. Kg1 g5 24. a6 Rd7 25. b6 g4 26. bxa7+ Kxa7 27. Rb1 Bd6 28.
Qb6+ Ka8 29. Qc6+ 0-1

[Event "Cto Equipos Aragon 2013 Preferente II"]
[Site "Aragon"]
[Date "2013.02.09"]
[Round "3.63"]
[White "Marcellan Peire, Jesus"]
[Black "Munoz Suarez, Luis Alberto"]
[Result "0-1"]
[WhiteElo "1879"]
[BlackElo "1996"]
[PlyCount "52"]
[EventDate "2013.??.??"]
[EventType "tourn"]
[EventRounds "9"]
[EventCountry "ESP"]
[WhiteTeam "Ejea"]
[BlackTeam "Ramiro B"]

1. d4 Nf6 2. c4 g6 3. Nc3 Bg7 4. Nf3 O-O 5. e4 d6 6. Be2 e5 7. O-O Nc6 8. d5
Ne7 9. h3 Nh5 10. Ne1 Nf4 11. Bxf4 exf4 12. Qd2 g5 13. Rc1 Ng6 14. b4 Ne5 15.
c5 f5 16. f3 Rf7 17. Nc2 g4 18. hxg4 fxg4 19. fxg4 Bxg4 20. Rxf4 Qg5 21. Rcf1
Raf8 22. Bxg4 Rxf4 23. Be6+ Kh8 24. Rxf4 Rxf4 25. Qe3 Nf3+ 26. Kh1 Qg3 0-1

[Event "Cto Equipos Aragon 2013 Preferente II"]
[Site "Aragon"]
[Date "2013.02.09"]
[Round "3.64"]
[White "Pueyo Marina, Gerardo"]
[Black "Merin Flores, Miguel Angel"]
[Result "1-0"]
[WhiteElo "1939"]
[BlackElo "1716"]
[PlyCount "121"]
[EventDate "2013.??.??"]
[EventType "tourn"]
[EventRounds "9"]
[EventCountry "ESP"]
[WhiteTeam "Ramiro B"]
[BlackTeam "Ejea"]

1. d4 d5 2. Nf3 Nf6 3. c4 c6 4. Qc2 Bg4 5. Ne5 Bh5 6. cxd5 Qxd5 7. e3 e6 8. Bd2
Be7 9. Nc3 Qd8 10. h3 Nbd7 11. Nd3 Bg6 12. Qb3 Bxd3 13. Bxd3 Nb6 14. Ne2 Qd5
15. O-O Qxb3 16. axb3 O-O 17. Rfd1 a6 18. e4 Rfe8 19. Rac1 Rac8 20. Nc3 Bb4 21.
Be3 Na8 22. Na4 Nd7 23. d5 cxd5 24. Rxc8 Rxc8 25. exd5 b5 26. dxe6 fxe6 27. Be4
Nf6 28. Bxa8 Rxa8 29. Nb6 Rb8 30. Nd7 Rb7 31. Ne5 Nd5 32. Rc1 Rc7 33. Rxc7 Nxc7
34. Nd3 Be7 35. b4 Kf7 36. Kf1 Bd6 37. Ke2 Nd5 38. Bc5 Bc7 39. g3 e5 40. f3 Ke6
41. Bf2 Bd6 42. Be1 h6 43. Nc5+ Bxc5 44. bxc5 b4 45. Kd3 g6 46. Bd2 h5 47. Kc4
Nf6 48. Bxb4 e4 49. fxe4 Nxe4 50. Be1 Nf6 51. b4 Kd7 52. b5 axb5+ 53. Kxb5 Nd5
54. c6+ Kd6 55. Bd2 Nc7+ 56. Kb6 Nd5+ 57. Kb7 Ke5 58. c7 Nxc7 59. Kxc7 Ke4 60.
h4 Kf3 61. Bf4 1-0

[Event "Cto Equipos Aragon 2013 Preferente II"]
[Site "Aragon"]
[Date "2013.02.09"]
[Round "3.65"]
[White "Fernandez Rubio, Rafael"]
[Black "Neila Castillo, Miguel Angel"]
[Result "1-0"]
[WhiteElo "2062"]
[BlackElo "2075"]
[PlyCount "109"]
[EventDate "2013.??.??"]
[EventType "tourn"]
[EventRounds "9"]
[EventCountry "ESP"]
[WhiteTeam "Tauste"]
[BlackTeam "CCOO Delicias B"]

1. c4 e5 2. Nc3 d6 3. g3 f5 4. Bg2 Nf6 5. d3 c6 6. b4 d5 7. Qb3 d4 8. Nd1 a5 9.
b5 c5 10. Nb2 Nbd7 11. Na4 Nb6 12. Bd2 Bd6 13. O-O-O Nxa4 14. Qxa4 O-O 15. e3
Qe7 16. Nh3 Ng4 17. exd4 cxd4 18. Rhe1 Bb4 19. Bxb4 Qxb4 20. Qxb4 axb4 21. Bd5+
Kh8 22. Rd2 h6 23. f4 Re8 24. fxe5 g5 25. Ng1 b3 26. Kb1 Rxa2 27. Rxa2 bxa2+
28. Kxa2 Rxe5 29. Rxe5 Nxe5 30. Nf3 Nxd3 31. Nxd4 b6 32. Kb3 Kg7 33. Kc3 Nc5
34. Nb3 Nd7 35. Kd4 Kf6 36. c5 bxc5+ 37. Nxc5 Nb6 38. Bc6 Ke7 39. Bb7 Kd6 40.
Bxc8 Nxc8 41. Nd3 Nb6 42. Ne5 Ke6 43. Nc4 Nd7 44. b6 h5 45. b7 Nb8 46. Ne5 g4
47. Ng6 Kf6 48. Nf4 h4 49. Kd5 hxg3 50. hxg3 Na6 51. Kd6 Nb8 52. Nd5+ Kf7 53.
Kc7 Na6+ 54. Kc8 f4 55. Nxf4 1-0

[Event "Cto Equipos Aragon 2013 Preferente II"]
[Site "Aragon"]
[Date "2013.02.09"]
[Round "3.66"]
[White "Pes Mateo, Angel"]
[Black "Vera Jimenez, Andres"]
[Result "1/2-1/2"]
[WhiteElo "2029"]
[BlackElo "1986"]
[PlyCount "84"]
[EventDate "2013.??.??"]
[EventType "tourn"]
[EventRounds "9"]
[EventCountry "ESP"]
[WhiteTeam "CCOO Delicias B"]
[BlackTeam "Tauste"]

1. d4 Nf6 2. Nf3 g6 3. Bf4 Bg7 4. h3 d6 5. e3 O-O 6. Be2 Nbd7 7. O-O b6 8. a4
Bb7 9. Na3 a6 10. Re1 Ne4 11. c3 e5 12. Bh2 Qf6 13. Rf1 Rad8 14. Nc4 Qe6 15.
Ncd2 Nxd2 16. Nxd2 Kh8 17. Qb3 Qe7 18. Qc4 Nf6 19. Rad1 a5 20. Qb3 Nd7 21. Qc4
Nb8 22. b4 axb4 23. Qxb4 exd4 24. cxd4 Nc6 25. Qc4 Nb8 26. Rfe1 Nc6 27. Rc1 Rc8
28. Nb3 Qg5 29. Bf4 Qf5 30. Bg4 Qf6 31. Bxc8 Rxc8 32. Qb5 Na7 33. Qd3 Nc6 34.
Bg3 Nb4 35. Qd2 c5 36. dxc5 dxc5 37. Qd7 Qc6 38. Qxc6 Bxc6 39. a5 bxa5 40. Nxa5
Nd3 41. Red1 Nxc1 42. Rxc1 Bd5 1/2-1/2

[Event "Cto Equipos Aragon 2013 Preferente II"]
[Site "Aragon"]
[Date "2013.02.09"]
[Round "3.67"]
[White "Sierra Aguerri, Joaquin"]
[Black "Naya Sancho, Juan Manuel"]
[Result "1-0"]
[WhiteElo "1978"]
[BlackElo "1895"]
[PlyCount "71"]
[EventDate "2013.??.??"]
[EventType "tourn"]
[EventRounds "9"]
[EventCountry "ESP"]
[WhiteTeam "Tauste"]
[BlackTeam "CCOO Delicias B"]

1. e4 d5 2. exd5 Nf6 3. Nc3 Nxd5 4. Bc4 c6 5. Qf3 Be6 6. Nh3 Bxh3 7. Qxh3 e6 8.
O-O Be7 9. d4 Nb4 10. Be3 Nxc2 11. Rad1 Nb4 12. Qg3 Nd7 13. Ne4 O-O 14. Bh6 Bf6
15. Nxf6+ Qxf6 16. Bg5 Qg6 17. Be7 Qxg3 18. hxg3 Nd5 19. Bxf8 Kxf8 20. Bxd5
exd5 21. Rfe1 Nf6 22. f3 Re8 23. Kf2 Re6 24. g4 Ke7 25. g5 Ng8 26. f4 f5 27.
Rxe6+ Kxe6 28. Rd3 h5 29. Ra3 a6 30. Rb3 b5 31. Ra3 Ne7 32. Rxa6 Kd6 33. g3 Kc7
34. Ra7+ Kd6 35. Rb7 Ke6 36. b3 1-0

[Event "Cto Equipos Aragon 2013 Preferente II"]
[Site "Aragon"]
[Date "2013.02.09"]
[Round "3.68"]
[White "Garcia Valer, Jesus V"]
[Black "Sancho Casale, Jesus"]
[Result "0-1"]
[WhiteElo "1883"]
[BlackElo "1941"]
[PlyCount "72"]
[EventDate "2013.??.??"]
[EventType "tourn"]
[EventRounds "9"]
[EventCountry "ESP"]
[WhiteTeam "CCOO Delicias B"]
[BlackTeam "Tauste"]

1. e4 e5 2. Nc3 Nf6 3. f4 d5 4. fxe5 Nxe4 5. Nf3 Bg4 6. Be2 Nc6 7. d3 Nxc3 8.
bxc3 Be7 9. Bf4 O-O 10. O-O f6 11. d4 Qd7 12. exf6 Bxf6 13. Ne5 Nxe5 14. Bxe5
Bxe2 15. Qxe2 Rae8 16. c4 Bxe5 17. Rxf8+ Kxf8 18. dxe5 Qe6 19. Qf3+ Qf7 20.
Qa3+ Qe7 21. Qf3+ Kg8 22. Qxd5+ Qe6 23. Re1 c6 24. Qxe6+ Rxe6 25. Re3 c5 26.
Kf2 Kf7 27. Kf3 Ra6 28. a3 Ke6 29. Ke4 Ra4 30. Rc3 b5 31. Kd3 b4 32. axb4 cxb4
33. Rb3 a5 34. c3 Ra3 35. Rxa3 bxa3 36. c5 a2 0-1

[Event "Cto Equipos Aragon 2013 Preferente II"]
[Site "Aragon"]
[Date "2013.02.09"]
[Round "3.69"]
[White "Arinez Bruna, Octavio"]
[Black "Cebrian Valverde, Jose Antonio"]
[Result "0-1"]
[WhiteElo "2145"]
[BlackElo "2129"]
[PlyCount "119"]
[EventDate "2013.??.??"]
[EventType "tourn"]
[EventRounds "9"]
[EventCountry "ESP"]
[WhiteTeam "El Olivar B"]
[BlackTeam "San Jose"]

1. d4 e6 2. Nf3 Nf6 3. Bf4 c5 4. c3 Nc6 5. e3 b6 6. Nbd2 Bb7 7. Bd3 Rc8 8. O-O
Nh5 9. Bg3 Be7 10. Ne4 d5 11. Ned2 g6 12. Ne5 Nxg3 13. Nxc6 Bxc6 14. fxg3 O-O
15. Nf3 Bf6 16. g4 Qe7 17. Qe1 e5 18. dxe5 Bxe5 19. Nxe5 Qxe5 20. Qf2 Rce8 21.
Rae1 Re7 22. Qf6 Bd7 23. g5 Rfe8 24. Rf3 Qxf6 25. gxf6 Re5 26. Kf2 Bc6 27. Rf4
R8e6 28. g4 d4 29. cxd4 cxd4 30. Rxd4 Rxf6+ 31. Rf4 Rd6 32. Bc4 Rd7 33. Rd4
Rxd4 34. exd4 Rxe1 35. Kxe1 g5 36. Kf2 Kf8 37. Ke3 Ke7 38. Bd3 Bd7 39. Be2 Kd6
40. Bf3 h6 41. Kd3 Be6 42. a3 Ba2 43. Kc3 Bb1 44. Kb4 f5 45. gxf5 Bxf5 46. Kc4
g4 47. Bg2 h5 48. a4 Bd7 49. b3 h4 50. a5 bxa5 51. d5 a6 52. Kd4 a4 53. bxa4
Bxa4 54. Kc3 Bb5 55. Kb4 Be2 56. Ka5 Ke5 57. Kb6 h3 58. Bh1 Bf3 59. Bxf3 gxf3
60. Kc7 0-1

[Event "Cto Equipos Aragon 2013 Preferente II"]
[Site "Aragon"]
[Date "2013.02.09"]
[Round "3.70"]
[White "Palomar Ramon, Santiago"]
[Black "Gracia Campo, Carlos Alberto"]
[Result "1/2-1/2"]
[WhiteElo "1970"]
[BlackElo "2043"]
[PlyCount "88"]
[EventDate "2013.??.??"]
[EventType "tourn"]
[EventRounds "9"]
[EventCountry "ESP"]
[WhiteTeam "San Jose"]
[BlackTeam "El Olivar B"]

1. d4 Nf6 2. Nc3 g6 3. e4 d6 4. Bg5 Bg7 5. Qd2 c6 6. f3 h5 7. h4 b5 8. a3 a5 9.
Bd3 Nbd7 10. Nge2 Ba6 11. O-O O-O 12. Kh1 b4 13. axb4 Bxd3 14. Qxd3 axb4 15.
Na4 Nb6 16. Qb3 Nxa4 17. Rxa4 Rxa4 18. Qxa4 Qb6 19. Ra1 c5 20. Qa6 Qxa6 21.
Rxa6 cxd4 22. Nxd4 Nxe4 23. fxe4 Bxd4 24. Bxe7 Re8 25. Rxd6 Bxb2 26. Rd7 Rc8
27. Rd2 Rc4 28. Re2 Kg7 29. e5 f5 30. g3 Kf7 31. Bd6 Ke6 32. Kg2 Re4 33. Rxe4
fxe4 34. Bxb4 Kxe5 35. Kf2 Bd4+ 36. Ke2 Kd5 37. Bd2 Kc4 38. Be3 Be5 39. Bf4 Bd4
40. Kd2 Bc3+ 41. Ke3 Kd5 42. Bc7 Kc6 43. Bb8 Kd5 44. Bf4 Bd4+ 1/2-1/2

[Event "Cto Equipos Aragon 2013 Preferente II"]
[Site "Aragon"]
[Date "2013.02.09"]
[Round "3.71"]
[White "Bailo Remacha, Santiago"]
[Black "Glaria Tevar, Salvador"]
[Result "1-0"]
[WhiteElo "2030"]
[BlackElo "1898"]
[PlyCount "133"]
[EventDate "2013.??.??"]
[EventType "tourn"]
[EventRounds "9"]
[EventCountry "ESP"]
[WhiteTeam "El Olivar B"]
[BlackTeam "San Jose"]

1. Nf3 d5 2. g3 Nf6 3. Bg2 g6 4. b3 Bg7 5. Bb2 O-O 6. O-O c5 7. d4 Nc6 8. dxc5
Qa5 9. Nd4 Rd8 10. Nxc6 bxc6 11. Bd4 Ba6 12. Nc3 Qc7 13. f4 Rab8 14. Be5 Qa5
15. Bxb8 Qxc5+ 16. Kh1 Rxb8 17. Na4 Qe3 18. Rf3 Qxe2 19. Qxe2 Bxe2 20. Re3 Ng4
21. Rxe2 Bxa1 22. h3 Nf6 23. Rd2 Ne4 24. Bxe4 dxe4 25. c3 e3 26. Rd1 e2 27. Re1
Rd8 28. Rxe2 Rd1+ 29. Kg2 Kf8 30. Rc2 e6 31. Kf3 Ke7 32. Ke3 Rg1 33. Kd4 Kd6
34. b4 h5 35. Kc4 Rf1 36. Rd2+ Kc7 37. Kb3 Rc1 38. Rc2 Rg1 39. a3 Rb1+ 40. Ka2
Rg1 41. Nc5 Rxg3 42. Kxa1 Rxh3 43. Rd2 Rxc3 44. Kb2 Rf3 45. Rd7+ Kc8 46. Rxf7
e5 47. Rf8+ Kc7 48. Ne6+ Kd7 49. fxe5 Re3 50. Nc5+ Ke7 51. Rf6 g5 52. Rf5 Rg3
53. Ne4 Rg2+ 54. Kb3 h4 55. Rxg5 h3 56. Rh5 h2 57. Nc5 Re2 58. Rh7+ Kf8 59. e6
Kg8 60. Rh3 Kg7 61. Kc3 Kf6 62. Kd4 Kg5 63. Ne4+ Kf4 64. Rh4+ Kf3 65. Rh3+ Kg4
66. Rxh2 Rxh2 67. e7 1-0